Στοιχεία παραστατικής γεωμετρίας

Αποθηκεύτηκε σε:
Λεπτομέρειες βιβλιογραφικής εγγραφής
Κύριος συγγραφέας: Μπιναρδόπουλος, Ντίνος Χ.
Μορφή: Βιβλίο
Γλώσσα:Greek
Δημοσίευση: Αθήναι : Παπαδημητρόπουλου, 19--
Θέματα:
Ετικέτες: Προσθήκη ετικέτας
Δεν υπάρχουν, Καταχωρήστε ετικέτα πρώτοι!

MARC

LEADER 00000nam a2200000 a 4500
001 1/107060
008 150619q19uu####gr | ||| |||| ||gre||
040 |a GR-MyUa  |b gre  |c GR-MyUa  |e AACR2 
041 0 |a gre 
082 7 |a 516.6   |2 (23) 
100 1 |a Μπιναρδόπουλος, Ντίνος Χ. 
245 1 0 |a Στοιχεία παραστατικής γεωμετρίας /   |c Ντίνου Χ. Μπιναρδόπουλου. 
260 |a Αθήναι :   |b Παπαδημητρόπουλου,   |c 19-- 
300 |a 2τ. (112, 168 σ.) :   |b εικ., σχέδια ;   |c 22 εκ.  
505 8 |a τ.1. Πρός χρήσιν των μαθητών της Ε' τάξεως των γυμνασίων πρακτικής κατευθύνσεως συμφώνως πρός το νέον αναλυτικόν πρόγραμμα (Β. Διάταγμα άριθ. 620/7-7-1961 Άρθρον 7 & 4 - Φ.Ε.Κ. 151 τ. Α) 
505 8 |a τ.2. Πρός χρήσιν τών μαθητών της ΣΤ' τάξεως των γυμνασίων πρακτικής κατευθύνσεως συμφώνως πρός το νέον αναλυτικόν πρόγραμμα. 
650 0 |a Geometry, Descriptive  |x Problems, Exercises, etc. 
852 |a INST  |b SAMOS  |c MAG  |e 20150827  |h 516.6 ΜΠΙ  |p 005300035743  |q 005300035743  |t BK  |v τομ.1:  |y 0 
852 |a INST  |b SAMOS  |c MAG  |e 20150619  |h 516.6 ΜΠΙ  |p 005300042295  |q 005300042295  |t BK  |v τομ.2:  |y 0 
852 |a INST  |b SAMOS  |c MAG  |e 20150619  |h 516.6 ΜΠΙ  |p 005300042296  |q 005300042296  |t BK  |v τομ.1:  |y 0 
853 |a INST  |b SAMOS  |c MAG  |h 516.6 ΜΠΙ 
920 |a Μάγειρας  |b Παναγιώτης  |y Σάμος  |z 2008-09 
970 |a Σιτζίμη  |b Γιασεμή  |z 19/06/2015